Les 14 sommets les plus hauts - Statistiques

Statistiques générales
  • Ce quiz a été pris 162 fois
  • Le résultat moyen est 12 sur 56
Statistiques - réponses
Réponse % Correct
Nom Everest
99%
Nom K2
70%
Localisation Népal
54%
Localisation Népal
54%
Localisation Népal
54%
Localisation Népal
54%
Localisation Népal
54%
Localisation Népal
54%
Localisation Népal
54%
Localisation Chine
43%
Localisation Pakistan
40%
Localisation Pakistan
40%
Localisation Pakistan
40%
Localisation Pakistan
40%
Localisation Pakistan
40%
Localisation Inde
32%
Nom Manaslu
27%
Nom Lhotse
26%
Nom Makalu
26%
Nom Nanga Parbat
25%
Nom Broad Peak (K3)
24%
Hauteur 8 848m
23%
Proéminence 8 848m
23%
Nom Cho Oyu
22%
Nom Annapurna I
15%
Nom Gasherbrum II (K4)
15%
Nom Gasherbrum I (K5)
15%
Nom Kangchenjunga
14%
Nom Dhaulagiri I
13%
Nom Shishapangma
12%
Hauteur 8 611m
9%
Hauteur 8 586m
6%
Hauteur 8 091m
5%
Hauteur 8 516m
5%
Hauteur 8 126m
4%
Hauteur 8 027m
3%
Hauteur 8 035m
3%
Hauteur 8 051m
3%
Hauteur 8 080m
3%
Hauteur 8 163m
3%
Hauteur 8 167m
3%
Proéminence 4 608m
2%
Hauteur 8 188m
2%
Hauteur 8 485m
2%
Proéminence 610m
1%
Proéminence 1 523m
0%
Proéminence 1 701m
0%
Proéminence 2 155m
0%
Proéminence 2 340m
0%
Proéminence 2 378m
0%
Proéminence 2 897m
0%
Proéminence 2 984m
0%
Proéminence 3 092m
0%
Proéminence 3 357m
0%
Proéminence 3 922m
0%
Proéminence 4 017m
0%
Aucun quiz correspondant
Distribution des résultats
% des personnes avec chaque résultat
Percentile par nombre de réponses
Votre historique - résultats
Vous n’avez pas pris ce quiz